Football / (Record no. 153192)
[ view plain ]
| 000 -LEADER | |
|---|---|
| fixed length control field | 00732nam a22002537a 4500 |
| 005 - DATE AND TIME OF LATEST TRANSACTION | |
| control field | 20181218130242.0 |
| 010 ## - LCCN (DPL NO) | |
| LC control number | A-945545 |
| 016 ## - NATIONAL BIBLIOGRAPHIC AGENCY CONTROL NUMBER | |
| Record control number | A-945545 |
| 020 ## - INTERNATIONAL STANDARD BOOK NUMBER | |
| International Standard Book Number | 8171414516 |
| 035 ## - SYSTEM CONTROL NUMBER | |
| System control number | A-945545, A-945541 |
| 037 ## - SOURCE OF ACQUISITION | |
| Source of stock number/acquisition | BPPD/PUB |
| 082 ## - DEWEY DECIMAL CLASSIFICATION NUMBER | |
| Classification number | 796.334 |
| Item number | DUB |
| 100 ## - MAIN ENTRY--PERSONAL NAME | |
| Personal name | Dubey H.C. |
| 245 ## - TITLE STATEMENT | |
| Title | Football / |
| Statement of responsibility, etc | by H.C. Dubey |
| Remainder of title | Dph Sports Series |
| 260 ## - PUBLICATION, DISTRIBUTION, ETC. (IMPRINT) | |
| Place of publication, distribution, etc | New Delhi |
| Name of publisher, distributor, etc | Discovery Publishing House |
| Date of publication, distribution, etc | 1999 |
| 270 ## - ADDRESS | |
| Address | 4831/24, Ansari Road, Prahlad Street, Daryagnaj. |
| City | New Delhi |
| Postal code | 110002 |
| 300 ## - PHYSICAL DESCRIPTION | |
| Extent | 282p. |
| Dimensions | 20cm(Hb) |
| 490 ## - SERIES STATEMENT | |
| Series statement | DPH sports series |
| 500 ## - GENERAL NOTE | |
| General note | Includes index |
| 650 ## - SUBJECT ADDED ENTRY--TOPICAL TERM | |
| Topical term or geographic name as entry element | Handball--Training |
| 650 ## - SUBJECT ADDED ENTRY--TOPICAL TERM | |
| Topical term or geographic name as entry element | Handball--Coaching |
| 942 ## - ADDED ENTRY ELEMENTS (KOHA) | |
| Source of classification or shelving scheme | Dewey Decimal Classification |
| Item type | English Books |
| Classification part | 796.334 |
| Call number suffix | DUB |
| Withdrawn status | Lost status | Not for loan | Collection code | Home library | Current library | Date acquired | Source of acquisition | Cost, normal purchase price | Full call number | Barcode | Cost, replacement price | Koha item type |
|---|---|---|---|---|---|---|---|---|---|---|---|---|
| Non-fiction | Patel Nagar | Patel Nagar | 03/07/2018 | BPPD/Pub | 0.00 | 796.334 DUB | A-945541 | 0.00 | English Books | |||
| Non-fiction | Shahdara Branch | Shahdara Branch | 28/06/2018 | BPPD/PUB | 0.00 | 796.334 DUB | A-945545 | 0.00 | English Books |
